[Event "Titled Tuesday intern op 10th Jan Early"]
[Site "Chess.com INT"]
[Date "2023.01.10"]
[Round "9"]
[White "Akkarakaran, John Veny"]
[Black "Krienke, Makaio W"]
[Result "0-1"]
[WhiteElo "2110"]
[BlackElo "2115"]
[PlyCount "80"]
[EventDate "2023.01.10"]
[EventType "swiss (blitz)"]
[EventRounds "11"]
[EventCountry "USA"]
[SourceTitle "EXT 2024"]
[Source "ChessBase"]
[SourceDate "2023.10.10"]
[SourceVersion "1"]
[SourceVersionDate "2023.10.10"]
[SourceQuality "1"]

1. e4 e5 2. Nf3 Nc6 3. Bb5 a6 4. Ba4 Nf6 5. 0-0 Be7 6. d3 b5 7. Bb3 d6 8. a3 Na5 9. Ba2 c5 10. Nc3 0-0 11. b4 Nc6 12. Nd5 Be6 13. Bd2 Re8 14. h3 h6 15. c3 Bf8 16. Qc2 a5 17. a4 axb4 18. axb5 bxc3 19. bxc6 cxd2 20. c7 Qc8 21. Nb6 Rxa2 22. Rxa2 Qxc7 23. Nc4 d5 24. exd5 Nxd5 25. Qxd2 e4 26. dxe4 Nb4 27. Rc2 Nxc2 28. Qxc2 Qf4 29. Nfd2 g6 30. Re1 Bg7 31. Nb3 Rb8 32. Nxc5 Bxh3 33. Nd3 Qg5 34. f4 Qg3 35. Kh1 Bxg2+ 36. Qxg2 Qxd3 37. Ne3 Rb2 38. Qf3 Bd4 39. f5 Qd2 40. Rf1 Qh2# 0-1

[Event "Titled Tuesday intern op 10th Jan Early"]
[Site "Chess.com INT"]
[Date "2023.01.10"]
[Round "11"]
[White "Bilych, Olexiy"]
[Black "Krienke, Makaio W"]
[Result "1-0"]
[WhiteElo "2416"]
[BlackElo "2115"]
[PlyCount "61"]
[EventDate "2023.01.10"]
[EventType "swiss (blitz)"]
[EventRounds "11"]
[EventCountry "USA"]
[SourceTitle "EXT 2024"]
[Source "ChessBase"]
[SourceDate "2023.10.10"]
[SourceVersion "1"]
[SourceVersionDate "2023.10.10"]
[SourceQuality "1"]

1. e4 e5 2. Nf3 Nc6 3. Bb5 a6 4. Ba4 Nf6 5. 0-0 b5 6. Bb3 Be7 7. Re1 0-0 8. c3 d6 9. h3 Na5 10. Bc2 c5 11. d4 Qc7 12. d5 c4 13. b4 cxb3 14. axb3 Bd7 15. Be3 Rfc8 16. Qe2 Bd8 17. Rc1 Nb7 18. b4 a5 19. Na3 Qxc3 20. Nxb5 Qxb4 21. Na7 Rxc2 22. Rxc2 Qxe4 23. Nc6 Nxd5 24. Nxd8 Nxd8 25. Rc4 Qg6 26. Bd2 Bb5 27. Rxa5 Rxa5 28. Rc8 Ra1+ 29. Ne1 Qf6 30. Qxb5 Nf4 31. Qe8# 1-0

[Event "Titled Tuesday intern op 10th Jan Early"]
[Site "Chess.com INT"]
[Date "2023.01.10"]
[Round "7"]
[White "Krienke, Makaio W"]
[Black "Korchmar, Vasiliy"]
[Result "1-0"]
[WhiteElo "2115"]
[BlackElo "2438"]
[PlyCount "105"]
[EventDate "2023.01.10"]
[EventType "swiss (blitz)"]
[EventRounds "11"]
[EventCountry "USA"]
[SourceTitle "EXT 2024"]
[Source "ChessBase"]
[SourceDate "2023.10.10"]
[SourceVersion "1"]
[SourceVersionDate "2023.10.10"]
[SourceQuality "1"]

1. e4 c5 2. Nf3 d6 3. d4 cxd4 4. Nxd4 Nf6 5. Nc3 Nc6 6. Bg5 g6 7. Qd2 Bg7 8. Nb3 h6 9. Be3 Ng4 10. Bf4 g5 11. Bg3 a5 12. f3 Nge5 13. Bf2 a4 14. Nd4 a3 15. b3 0-0 16. Be2 Qa5 17. 0-0 Bd7 18. Rad1 Nb4 19. Kh1 Rfc8 20. Be1 Nec6 21. Nxc6 bxc6 22. Bc4 Qe5 23. h3 Qxc3 24. Qxc3 Bxc3 25. Bxc3 Nxa2 26. Bd2 c5 27. c3 Be6 28. Ra1 Bxc4 29. bxc4 Nxc3 30. Bxc3 Rcb8 31. Rfb1 Rxb1+ 32. Rxb1 a2 33. Ra1 Ra4 34. Bd2 Kg7 35. Kg1 Kf6 36. Kf1 Ke5 37. Bc3+ Kf4 38. Kf2 g4 39. g3+ Kg5 40. hxg4 Kg6 41. Ke3 Rxc4 42. Kd3 Ra4 43. Kc2 e6 44. Kb3 Ra7 45. Rxa2 c4+ 46. Kb2 Rb7+ 47. Kc2 d5 48. exd5 exd5 49. Ra5 Rd7 50. Bd4 f5 51. Ra6+ Kg5 52. Be3+ f4 53. Bxf4# 1-0

[Event "Titled Tuesday intern op 10th Jan Early"]
[Site "Chess.com INT"]
[Date "2023.01.10"]
[Round "3"]
[White "Krienke, Makaio W"]
[Black "Rustemov, Alexander"]
[Result "0-1"]
[WhiteElo "2115"]
[BlackElo "2525"]
[PlyCount "66"]
[EventDate "2023.01.10"]
[EventType "swiss (blitz)"]
[EventRounds "11"]
[EventCountry "USA"]
[SourceTitle "EXT 2024"]
[Source "ChessBase"]
[SourceDate "2023.10.10"]
[SourceVersion "1"]
[SourceVersionDate "2023.10.10"]
[SourceQuality "1"]

1. e4 e6 2. d4 d5 3. Nc3 dxe4 4. Nxe4 Bd7 5. Nf3 Bc6 6. Bd3 Nd7 7. 0-0 Ngf6 8. Bg5 Be7 9. Bxf6 Nxf6 10. Re1 0-0 11. c3 b6 12. Ne5 Bb7 13. a4 a6 14. Qe2 Nxe4 15. Bxe4 Bxe4 16. Qxe4 Bd6 17. Nc6 Qd7 18. b4 Rae8 19. b5 axb5 20. axb5 g6 21. h4 Kg7 22. Ra7 h6 23. g3 f6 24. Kg2 Rf7 25. Re3 e5 26. dxe5 fxe5 27. h5 gxh5 28. Ra1 Ref8 29. f3 Rf5 30. Rd1 Qf7 31. Rd5 h4 32. Qxh4 Qxd5 33. Qg4+ Kh7 0-1

[Event "Titled Tuesday intern op 03rd Jan Early"]
[Site "Chess.com INT"]
[Date "2023.01.03"]
[Round "10"]
[White "Cnejev, Vladimir Alexandru"]
[Black "Krienke, Makaio W"]
[Result "1/2-1/2"]
[WhiteElo "2268"]
[BlackElo "2115"]
[PlyCount "107"]
[EventDate "2023.01.03"]
[EventType "swiss (blitz)"]
[EventRounds "11"]
[EventCountry "USA"]
[SourceTitle "EXT 2024"]
[Source "ChessBase"]
[SourceDate "2023.10.10"]
[SourceVersion "1"]
[SourceVersionDate "2023.10.10"]
[SourceQuality "1"]

1. e4 e5 2. Nf3 Nc6 3. Bb5 a6 4. Ba4 Nf6 5. 0-0 b5 6. Bb3 Be7 7. Re1 0-0 8. c3 d6 9. h3 Na5 10. Bc2 c5 11. d4 cxd4 12. cxd4 Nc6 13. Nc3 Bb7 14. d5 Nb8 15. Ne2 Nbd7 16. Ng3 Re8 17. Rf1 Rc8 18. Nh2 Qc7 19. Bd3 Nc5 20. Bb1 Na4 21. Bd3 Nc5 22. Bb1 Na4 23. Qe2 Bf8 24. Be3 g6 25. Bd3 Nc5 26. Bc2 Bg7 27. Rac1 Qb8 28. Ng4 Nxg4 29. hxg4 h6 30. f3 b4 31. Qd2 a5 32. Bxh6 Ba6 33. Rfe1 a4 34. Nf5 Bf6 35. Bg5 gxf5 36. Bxf6 f4 37. g3 Qb6 38. Kg2 Nd7 39. g5 b3 40. axb3 axb3 41. Bb1 Nxf6 42. gxf6 Qd8 43. gxf4 Qxf6 44. fxe5 dxe5 45. Rxc8 Rxc8 46. Rg1 Kf8 47. Qb4+ Ke8 48. Qa4+ Kf8 49. Qxb3 Qg5+ 50. Kf2 Qd2+ 51. Kg3 Qg5+ 52. Kf2 Qd2+ 53. Kg3 Qg5+ 54. Kf2 1/2-1/2

[Event "Titled Tuesday intern op 03rd Jan Early"]
[Site "Chess.com INT"]
[Date "2023.01.03"]
[Round "8"]
[White "Krienke, Makaio W"]
[Black "Akkarakaran, John Veny"]
[Result "1-0"]
[WhiteElo "2115"]
[BlackElo "2110"]
[PlyCount "83"]
[EventDate "2023.01.03"]
[EventType "swiss (blitz)"]
[EventRounds "11"]
[EventCountry "USA"]
[SourceTitle "EXT 2024"]
[Source "ChessBase"]
[SourceDate "2023.10.10"]
[SourceVersion "1"]
[SourceVersionDate "2023.10.10"]
[SourceQuality "1"]

1. e4 e6 2. d4 d5 3. Nc3 Nf6 4. Bg5 Be7 5. e5 Nfd7 6. h4 h6 7. Bxe7 Qxe7 8. Qg4 0-0 9. Nh3 c5 10. 0-0-0 cxd4 11. Nb5 Nxe5 12. Qg3 Nbc6 13. Nxd4 Nxd4 14. Rxd4 Nc6 15. Rd1 Bd7 16. Nf4 Rac8 17. Bd3 Nb4 18. Rhe1 Nxa2+ 19. Kb1 Nb4 20. Nh5 f6 21. Qg6 Nxd3 22. Rxd3 Qf7 23. Qg4 Rc4 24. Qd1 Rxh4 25. Ng3 Rc8 26. c3 Rhc4 27. Ne2 e5 28. Rxd5 Bf5+ 29. Kc1 Be6 30. Rd6 b5 31. f4 b4 32. fxe5 bxc3 33. Nxc3 fxe5 34. Qd2 e4 35. Kb1 Bf5 36. Ka1 Qb7 37. g4 Bh7 38. Rd8+ Rxd8 39. Qxd8+ Kf7 40. Rf1+ Kg6 41. Qe8+ Kg5 42. Qh5# 1-0

[Event "Titled Tuesday intern op 03rd Jan Early"]
[Site "Chess.com INT"]
[Date "2023.01.03"]
[Round "2"]
[White "Krienke, Makaio W"]
[Black "Guevara Sanchez, Erick Marvin"]
[Result "1-0"]
[WhiteElo "2115"]
[BlackElo "2073"]
[PlyCount "51"]
[EventDate "2023.01.03"]
[EventType "swiss (blitz)"]
[EventRounds "11"]
[EventCountry "USA"]
[SourceTitle "EXT 2024"]
[Source "ChessBase"]
[SourceDate "2023.10.10"]
[SourceVersion "1"]
[SourceVersionDate "2023.10.10"]
[SourceQuality "1"]

1. e4 c5 2. Nf3 Nc6 3. d4 cxd4 4. Nxd4 e5 5. Nb5 a6 6. N5c3 Nf6 7. Bg5 Bb4 8. a3 Qa5 9. Bxf6 gxf6 10. Bc4 b5 11. Bd5 Bb7 12. 0-0 0-0-0 13. Bxf7 Ne7 14. Nd5 Nxd5 15. Bxd5 Be7 16. Bxb7+ Kxb7 17. Qd5+ Kb8 18. c4 Rhg8 19. Nc3 bxc4 20. Qxa5 Rg4 21. Qxa6 Rdg8 22. g3 h5 23. Nb5 Bc5 24. Rad1 h4 25. Rxd7 hxg3 26. Qb7# 1-0

[Event "Titled Tuesday intern op 03rd Jan Early"]
[Site "Chess.com INT"]
[Date "2023.01.03"]
[Round "11"]
[White "Krienke, Makaio W"]
[Black "Hnydiuk, Aleksander"]
[Result "1-0"]
[WhiteElo "2115"]
[BlackElo "2364"]
[PlyCount "57"]
[EventDate "2023.01.03"]
[EventType "swiss (blitz)"]
[EventRounds "11"]
[EventCountry "USA"]
[SourceTitle "EXT 2024"]
[Source "ChessBase"]
[SourceDate "2023.10.10"]
[SourceVersion "1"]
[SourceVersionDate "2023.10.10"]
[SourceQuality "1"]

1. e4 g6 2. d4 Bg7 3. Be3 d5 4. exd5 Nf6 5. c4 b5 6. Nc3 bxc4 7. Bxc4 0-0 8. h3 Nbd7 9. Nge2 Nb6 10. Qd3 a5 11. 0-0 Nxc4 12. Qxc4 Ba6 13. Qc5 Rb8 14. Qxa5 Bxe2 15. Nxe2 Rxb2 16. Nf4 Qa8 17. Qxc7 Nxd5 18. Nxd5 Qxd5 19. Qxe7 Rxa2 20. Rxa2 Qxa2 21. Rd1 Qe6 22. Qb7 Rd8 23. d5 Qd7 24. Qb6 h5 25. Bg5 Re8 26. d6 Re6 27. Be7 Be5 28. Qb8+ Kh7 29. Qf8 1-0

[Event "Titled Tuesday intern op 03rd Jan Early"]
[Site "Chess.com INT"]
[Date "2023.01.03"]
[Round "4"]
[White "Maksimovic, Bojan"]
[Black "Krienke, Makaio W"]
[Result "1-0"]
[WhiteElo "2486"]
[BlackElo "2115"]
[PlyCount "147"]
[EventDate "2023.01.03"]
[EventType "swiss (blitz)"]
[EventRounds "11"]
[EventCountry "USA"]
[SourceTitle "EXT 2024"]
[Source "ChessBase"]
[SourceDate "2023.10.10"]
[SourceVersion "1"]
[SourceVersionDate "2023.10.10"]
[SourceQuality "1"]

1. g3 Nf6 2. Bg2 g6 3. c4 c5 4. Nc3 Nc6 5. Nf3 Bg7 6. 0-0 0-0 7. a3 d5 8. cxd5 Nxd5 9. Nxd5 Qxd5 10. d3 Qh5 11. Qc2 Bh3 12. Be3 Bxg2 13. Kxg2 Nd4 14. Bxd4 cxd4 15. Qb3 b6 16. Rac1 Rac8 17. Rc4 Qd5 18. Qc2 Rc5 19. Rxc5 Qxc5 20. Qxc5 bxc5 21. Rc1 Rb8 22. Rc2 e6 23. Nd2 Bf8 24. Nc4 f6 25. f4 Kf7 26. Kf3 Ke8 27. h4 Kd7 28. g4 Bd6 29. Rc1 Rh8 30. Rg1 Ke7 31. h5 Bc7 32. Ke4 f5+ 33. gxf5 exf5+ 34. Kd5 Kf6 35. Rf1 Re8 36. Rf2 gxh5 37. Kxc5 h4 38. Kxd4 h3 39. e3 Rd8+ 40. Kc3 Rg8 41. Rh2 Rg3 42. b4 Kg6 43. a4 Kh5 44. Kd4 Kh4 45. Ne5 Rg2 46. Rh1 Kg3 47. a5 h2 48. e4 Rg1 49. Rxh2 Kxh2 50. Nf3+ Kg2 51. Nxg1 Kxg1 52. exf5 Bd8 53. Ke5 h5 54. f6 h4 55. f7 Be7 56. b5 h3 57. b6 axb6 58. axb6 h2 59. b7 h1Q 60. b8Q Qh5+ 61. Ke6 Qc5 62. Qe5 Qb4 63. Qe3+ Kg2 64. Qe4+ Qxe4+ 65. dxe4 Bf8 66. Kd7 Kf3 67. e5 Kxf4 68. e6 Kf5 69. e7 Kg6 70. exf8Q Kh7 71. Qg8+ Kh6 72. f8Q+ Kh5 73. Qf5+ Kh6 74. Qfg6# 1-0

[Event "Titled Tuesday intern op 28th Apr"]
[Site "Chess.com INT"]
[Date "2020.04.28"]
[Round "1"]
[White "Kotsur, Pavel"]
[Black "Krienke, Makaio W"]
[Result "1-0"]
[WhiteElo "2517"]
[BlackElo "2131"]
[PlyCount "63"]
[EventDate "2020.04.28"]
[EventType "swiss (blitz)"]
[EventRounds "10"]
[EventCountry "USA"]
[SourceTitle "EXT 2021"]
[Source "ChessBase"]
[SourceDate "2020.10.23"]
[SourceVersion "1"]
[SourceVersionDate "2020.10.23"]
[SourceQuality "1"]

1. e4 c6 2. d4 d5 3. e5 Bf5 4. Nd2 e6 5. Nb3 Nd7 6. Nf3 Ne7 7. Be2 h6 8. 0-0 g5 9. Ne1 Bg7 10. f4 Ng6 11. Bd3 Bxd3 12. Nxd3 gxf4 13. Nxf4 Nxf4 14. Bxf4 Qe7 15. Qh5 0-0-0 16. Rf3 f6 17. exf6 Bxf6 18. Re1 Rdg8 19. Qh3 Nf8 20. c3 b6 21. Nc1 Kd7 22. Nd3 Ng6 23. Bg3 h5 24. Rfe3 Nf8 25. Nf4 h4 26. Nxe6 hxg3 27. Nxf8+ Kd8 28. Rxe7 Rxh3 29. Re8+ Kc7 30. gxh3 g2 31. Ne6+ Kd7 32. Rxg8 1-0

[Event "Titled Tuesday intern op 14th April"]
[Site "Chess.com INT"]
[Date "2020.04.14"]
[Round "9"]
[White "Huda, Maryana"]
[Black "Krienke, Makaio W"]
[Result "0-1"]
[WhiteElo "2128"]
[BlackElo "2131"]
[PlyCount "70"]
[EventDate "2020.04.14"]
[EventType "swiss (blitz)"]
[EventRounds "10"]
[EventCountry "USA"]
[SourceTitle "EXT 2021"]
[Source "ChessBase"]
[SourceDate "2020.10.23"]
[SourceVersion "1"]
[SourceVersionDate "2020.10.23"]
[SourceQuality "1"]

1. d4 Nf6 2. c4 e6 3. Nf3 d5 4. e3 Be7 5. Nc3 0-0 6. Bd3 dxc4 7. Bxc4 a6 8. a4 c5 9. 0-0 Nc6 10. dxc5 Bxc5 11. Qe2 b6 12. e4 Bb7 13. Bg5 Nd4 14. Nxd4 Qxd4 15. Rad1 Qe5 16. Bxf6 Qxf6 17. Kh1 Bd4 18. Rd3 Rac8 19. Rf3 Qe5 20. Bxa6 Bxa6 21. Qxa6 Ra8 22. Qb5 Bxc3 23. bxc3 Qxe4 24. h3 Rxa4 25. Qxb6 Rc4 26. Qe3 Qc6 27. Rd1 Rc8 28. Rd3 h6 29. g4 Rb8 30. Kh2 Rb2 31. Qe1 Ra4 32. Rd8+ Kh7 33. Rd4 Rxd4 34. cxd4 Qxf3 35. Kg1 Qb7 0-1

[Event "Titled Tuesday intern op 14th April"]
[Site "Chess.com INT"]
[Date "2020.04.14"]
[Round "2"]
[White "Krienke, Makaio W"]
[Black "Balakrishnan, Praveen"]
[Result "0-1"]
[WhiteElo "2131"]
[BlackElo "2498"]
[PlyCount "54"]
[EventDate "2020.04.14"]
[EventType "swiss (blitz)"]
[EventRounds "10"]
[EventCountry "USA"]
[SourceTitle "EXT 2021"]
[Source "ChessBase"]
[SourceDate "2020.10.23"]
[SourceVersion "1"]
[SourceVersionDate "2020.10.23"]
[SourceQuality "1"]

1. d4 Nf6 2. c4 e6 3. Nc3 Bb4 4. Qc2 d5 5. Bg5 dxc4 6. e3 b5 7. Nf3 0-0 8. a4 c6 9. axb5 cxb5 10. Bxf6 gxf6 11. Qe4 Qd5 12. Qxd5 exd5 13. Nd2 Bxc3 14. bxc3 a5 15. e4 dxe4 16. 0-0-0 f5 17. g4 Re8 18. gxf5 Bxf5 19. Rg1+ Bg6 20. Bh3 Kf8 21. Rde1 Ra7 22. Rg5 Rb7 23. Rc5 Rb6 24. Bg4 Na6 25. Re5 Rxe5 26. dxe5 Nc5 27. Kc2 e3+ 0-1

[Event "Titled Tuesday intern op1 3rd March  "]
[Site "Chess.com INT"]
[Date "2020.03.03"]
[Round "2"]
[White "Belous, Vladimir"]
[Black "Krienke, Makaio W"]
[Result "1-0"]
[WhiteElo "2532"]
[BlackElo "2131"]
[PlyCount "59"]
[EventDate "2020.03.03"]
[EventType "swiss (blitz)"]
[EventRounds "10"]
[EventCountry "USA"]
[SourceTitle "EXT 2021"]
[Source "ChessBase"]
[SourceDate "2020.10.23"]
[SourceVersion "1"]
[SourceVersionDate "2020.10.23"]
[SourceQuality "1"]

1. c4 Nf6 2. Nf3 g6 3. Nc3 Bg7 4. e4 d6 5. d4 0-0 6. h3 e5 7. d5 Bd7 8. Bg5 h6 9. Be3 Na6 10. Nd2 Nc5 11. b4 Na6 12. Rb1 Nh5 13. g3 f5 14. exf5 Bxf5 15. Rb3 Bd7 16. Nde4 Qe7 17. c5 dxc5 18. bxc5 Nf6 19. Rxb7 Nxe4 20. Nxe4 Bf5 21. Nd6 e4 22. Nxf5 Rxf5 23. Bxa6 Bc3+ 24. Kf1 Qf6 25. d6 Rf8 26. Qc2 Rxf2+ 27. Qxf2 Qe5 28. Bc4+ Kg7 29. Rxc7+ Kh8 30. Qxf8# 1-0

[Event "Titled Tuesday intern op1 4th Febr"]
[Site "Chess.com INT"]
[Date "2020.02.04"]
[Round "2"]
[White "Kobalia, Mihail"]
[Black "Krienke, Makaio W"]
[Result "1-0"]
[WhiteElo "2609"]
[BlackElo "2131"]
[PlyCount "63"]
[EventDate "2020.02.04"]
[EventType "swiss (blitz)"]
[EventRounds "10"]
[EventCountry "USA"]
[SourceTitle "EXT 2021"]
[Source "ChessBase"]
[SourceDate "2020.10.23"]
[SourceVersion "1"]
[SourceVersionDate "2020.10.23"]
[SourceQuality "1"]

1. e4 c6 2. d4 d5 3. exd5 cxd5 4. Bd3 Nc6 5. c3 Qc7 6. Ne2 Bg4 7. 0-0 Nf6 8. Bg5 e6 9. Qe1 Bd6 10. f3 Bxh2+ 11. Kh1 h5 12. Qh4 Bd6 13. Bxf6 gxf6 14. fxg4 0-0-0 15. g5 fxg5 16. Qxg5 h4 17. Nd2 Rdg8 18. Qf6 h3 19. g3 Nd8 20. Rf3 e5 21. dxe5 Bxe5 22. Qf5+ Kb8 23. Nf1 Rh6 24. Re3 Nc6 25. Nf4 d4 26. cxd4 Bxd4 27. Rf3 Ne5 28. Be4 Nxf3 29. Bxf3 Rf6 30. Qe4 Bf2 31. Nd5 Qd6 32. Nxf6 1-0

[Event "Titled Tuesday intern op1 4th Febr"]
[Site "Chess.com INT"]
[Date "2020.02.04"]
[Round "8"]
[White "Seul, Georg"]
[Black "Krienke, Makaio W"]
[Result "0-1"]
[WhiteElo "2401"]
[BlackElo "2131"]
[PlyCount "92"]
[EventDate "2020.02.04"]
[EventType "swiss (blitz)"]
[EventRounds "10"]
[EventCountry "USA"]
[SourceTitle "EXT 2021"]
[Source "ChessBase"]
[SourceDate "2020.10.23"]
[SourceVersion "1"]
[SourceVersionDate "2020.10.23"]
[SourceQuality "1"]

1. e4 c6 2. d4 d5 3. exd5 cxd5 4. Bd3 Nc6 5. c3 Qc7 6. h3 Nf6 7. Nf3 e5 8. dxe5 Ne4 9. 0-0 Nxe5 10. Nxe5 Qxe5 11. Bb5+ Bd7 12. Bxd7+ Kxd7 13. c4 Bd6 14. f4 Bc5+ 15. Kh2 Qd4 16. Qxd4 Bxd4 17. Rd1 Bf6 18. Rxd5+ Kc6 19. Nd2 Rhe8 20. Nf3 Nd6 21. Nd4+ Bxd4 22. Rxd4 Re2 23. Bd2 Nf5 24. Rd3 Nh4 25. Rg1 Rae8 26. b4 Rf2 27. Be1 Rxe1 28. Rxe1 Rxg2+ 29. Kh1 Rxa2 30. Re5 f6 31. b5+ Kb6 32. Re7 Rf2 33. Rxg7 Nf3 34. Rxf3 Rxf3 35. Rxh7 Rxf4 36. Rf7 Rxc4 37. Rxf6+ Kxb5 38. Kg2 a5 39. Rf5+ Rc5 40. Rf8 a4 41. Ra8 Kb4 42. h4 a3 43. Kf3 b5 44. Ke3 Kb3 45. Kd3 Rd5+ 46. Ke4 Rh5 0-1

[Event "Titled Tuesday intern op 7th Januar"]
[Site "Chess.com INT"]
[Date "2020.01.07"]
[Round "3"]
[White "Krienke, Makaio W"]
[Black "King, Alexander B"]
[Result "1-0"]
[WhiteElo "2131"]
[BlackElo "2271"]
[PlyCount "105"]
[EventDate "2020.01.07"]
[EventType "swiss (blitz)"]
[EventRounds "10"]
[EventCountry "USA"]
[SourceTitle "EXT 2021"]
[Source "ChessBase"]
[SourceDate "2020.10.23"]
[SourceVersion "1"]
[SourceVersionDate "2020.10.23"]
[SourceQuality "1"]

1. d4 Nf6 2. Nf3 g6 3. c4 Bg7 4. g3 0-0 5. Bg2 d6 6. 0-0 Nc6 7. Nc3 a6 8. d5 Na5 9. Nd2 b5 10. cxb5 axb5 11. Nxb5 Ba6 12. a4 Qb8 13. b4 Nc4 14. Nxc4 Bxb5 15. Qb3 Nxd5 16. axb5 Rxa1 17. Bxd5 Qxb5 18. Bf3 Rb8 19. Na3 Qf5 20. Be3 Rxf1+ 21. Kxf1 Bf6 22. Qc4 Qd7 23. b5 h5 24. Kg2 Kf8 25. h4 Kg8 26. Bc6 Qd8 27. Nc2 e6 28. Nb4 d5 29. Qd3 Qd6 30. Na6 Rd8 31. Bf4 e5 32. Bg5 d4 33. Bxf6 Qxf6 34. Nxc7 Qd6 35. Nd5 Kg7 36. e3 dxe3 37. Qxe3 f5 38. Qg5 Kf7 39. Ne3 Rc8 40. Qh6 Qf6 41. Qh7+ Qg7 42. Bd5+ Kf6 43. Qxg7+ Kxg7 44. Nc4 Rc5 45. Be6 Rxb5 46. Ne3 Kf6 47. Bd7 f4 48. Bxb5 fxe3 49. fxe3 g5 50. Be2 gxh4 51. gxh4 Kf5 52. Bxh5 Ke4 53. Kf2 1-0

[Event "Titled Tuesday intern op 3rd Jan"]
[Site "Chess.com INT"]
[Date "2019.12.03"]
[Round "6"]
[White "Burke, Paul"]
[Black "Krienke, Makaio W"]
[Result "0-1"]
[WhiteElo "1715"]
[BlackElo "2131"]
[PlyCount "42"]
[EventDate "2019.12.03"]
[EventType "swiss (blitz)"]
[EventRounds "10"]
[EventCountry "USA"]
[SourceTitle "EXT 2021"]
[Source "ChessBase"]
[SourceDate "2020.10.23"]
[SourceVersion "1"]
[SourceVersionDate "2020.10.23"]
[SourceQuality "1"]

1. e4 c6 2. d4 d5 3. exd5 cxd5 4. c4 Nf6 5. Nc3 Nc6 6. Nf3 e6 7. Be2 dxc4 8. Bxc4 Bb4 9. 0-0 0-0 10. a3 Be7 11. d5 exd5 12. Nxd5 Nxd5 13. Qxd5 Qc7 14. Be3 Be6 15. Qe4 Bxc4 16. Qxc4 Bf6 17. Bd4 Qf4 18. Rfd1 Rad8 19. Rac1 Nxd4 20. Nxd4 Rxd4 21. Rxd4 Bxd4 0-1

[Event "Titled Tuesday intern op 3rd Jan"]
[Site "Chess.com INT"]
[Date "2019.12.03"]
[Round "10"]
[White "Mikhailovsky, Vladimir"]
[Black "Krienke, Makaio W"]
[Result "0-1"]
[WhiteElo "2209"]
[BlackElo "2131"]
[PlyCount "36"]
[EventDate "2019.12.03"]
[EventType "swiss (blitz)"]
[EventRounds "10"]
[EventCountry "USA"]
[SourceTitle "EXT 2021"]
[Source "ChessBase"]
[SourceDate "2020.10.23"]
[SourceVersion "1"]
[SourceVersionDate "2020.10.23"]
[SourceQuality "1"]

1. e4 c6 2. d4 d5 3. Nc3 dxe4 4. Nxe4 Nd7 5. c3 Ngf6 6. Bd3 e6 7. Nf3 Be7 8. Qe2 Nxe4 9. Qxe4 Nf6 10. Qe2 Qb6 11. 0-0 0-0 12. Bf4 c5 13. dxc5 Bxc5 14. Ne5 Be7 15. Rad1 Qa5 16. Nc4 Qh5 17. Qe3 Nd5 18. Qg3 Bh4 0-1

[Event "Titled Tuesday intern op 3rd Jan"]
[Site "Chess.com INT"]
[Date "2019.12.03"]
[Round "4"]
[White "Zenker, Ulrich"]
[Black "Krienke, Makaio W"]
[Result "0-1"]
[WhiteElo "2156"]
[BlackElo "2131"]
[PlyCount "44"]
[EventDate "2019.12.03"]
[EventType "swiss (blitz)"]
[EventRounds "10"]
[EventCountry "USA"]
[SourceTitle "EXT 2021"]
[Source "ChessBase"]
[SourceDate "2020.10.23"]
[SourceVersion "1"]
[SourceVersionDate "2020.10.23"]
[SourceQuality "1"]

1. c4 Nf6 2. Nc3 g6 3. e4 e5 4. Nf3 Nc6 5. d4 exd4 6. Nxd4 Bg7 7. Nxc6 bxc6 8. Bd3 0-0 9. 0-0 d6 10. Bg5 h6 11. Bf4 Re8 12. Qd2 Kh7 13. h3 Nd7 14. Rfe1 Ne5 15. Bf1 Rb8 16. Rad1 Qf6 17. Be3 a5 18. Ne2 Rxb2 19. Qxb2 Nf3+ 20. gxf3 Qxb2 21. Rd2 Qb4 22. Nd4 Bxd4 0-1

[Event "Titled Tuesday intern op 17th April"]
[Site "Chess.com INT"]
[Date "2018.04.17"]
[Round "5"]
[White "Zambrano Rodriguez, Alexander"]
[Black "Krienke, Makaio W"]
[Result "0-1"]
[WhiteElo "2233"]
[BlackElo "2128"]
[PlyCount "84"]
[EventDate "2018.04.17"]
[EventType "swiss (blitz)"]
[EventRounds "10"]
[EventCountry "USA"]
[SourceTitle "EXT 2021"]
[Source "ChessBase"]
[SourceDate "2020.10.23"]
[SourceVersion "1"]
[SourceVersionDate "2020.10.23"]
[SourceQuality "1"]

1. e4 e6 2. d4 d5 3. Nd2 Be7 4. Ngf3 Nf6 5. e5 Nfd7 6. Bd3 c5 7. c3 Nc6 8. 0-0 Qc7 9. a3 c4 10. Bc2 f6 11. exf6 Nxf6 12. Re1 Bd7 13. Nf1 0-0-0 14. b3 cxb3 15. Bxb3 Na5 16. Bb2 Kb8 17. Ne5 Bb5 18. Nf7 Nxb3 19. Qxb3 Bc4 20. Qc2 Ng4 21. g3 Rdf8 22. Nxh8 Rxf2 23. Qxf2 Nxf2 24. Kxf2 Qc8 25. Kg1 Qxh8 26. Rxe6 Qf8 27. Rae1 Bd8 28. Re8 Qf6 29. a4 Bd3 30. Ba3 Kc7 31. Be7 Bxe7 32. R1xe7+ Kd6 33. Re6+ Qxe6 34. Rxe6+ Kxe6 35. Nd2 a5 36. Nb3 b6 37. Nc1 Bc2 38. Kf2 Bxa4 39. Ke3 Bb5 40. Kf4 Bc4 41. Ke3 Kf5 42. Kd2 Ke4 0-1

[Event "Titled Tuesday intern op 12th Dec"]
[Site "Chess.com INT"]
[Date "2017.12.12"]
[Round "5"]
[White "Freitag, Todd M"]
[Black "Krienke, Makaio W"]
[Result "0-1"]
[WhiteElo "2002"]
[BlackElo "2148"]
[PlyCount "68"]
[EventDate "2017.12.12"]
[EventType "swiss (blitz)"]
[EventRounds "10"]
[EventCountry "USA"]
[SourceTitle "EXT 2021"]
[Source "ChessBase"]
[SourceDate "2020.10.23"]
[SourceVersion "1"]
[SourceVersionDate "2020.10.23"]
[SourceQuality "1"]

1. d4 Nf6 2. c4 g6 3. g3 Bg7 4. Bg2 d5 5. cxd5 Nxd5 6. Nf3 0-0 7. 0-0 c5 8. dxc5 Nb4 9. Nc3 Qa5 10. Be3 Rd8 11. Qb3 Be6 12. Qa4 Qxa4 13. Nxa4 Nc2 14. Rad1 Na6 15. Bg5 f6 16. Bc1 Bxa2 17. Nd2 Rab8 18. b3 Nd4 19. Ba3 e6 20. e3 Nxb3 21. Ne4 Na5 22. Nac3 Bb3 23. Rb1 Bc2 24. Rb2 Bd3 25. Rd1 Nc4 26. Ra2 f5 27. Nd6 Nxa3 28. Rxa3 Nxc5 29. Ndb5 a6 30. Nd4 b5 31. Nce2 Bc4 32. Rb1 Rd6 33. Nc6 Rb6 34. Na5 Bxe2 0-1